1602 1860 1294 1802 1317 1617 1532 1309 1276 1905 1612 1782 1127 1793 1115 1258 1108 1662 1860 1341 1862 1764 1932 1054 1762 1427 1070 1959 1917 1317 1757 1749 1693 1267 1875 1730 1567 1129 1567 1706 1142 1703 1341 1411 1413 1289 1303 1034 1448 1548 1910 1058 1773 1975 1371 1669 1814 1726 1033 1412 1865 1616 1740 1163 1953 1511 1991 1339 1756 1102 1995 1640 1142 1964 1503 1623 1077 1535 1889 1005 1410 1704 1084 1163 1356 1968 1036 1158 1974 1355 1498 1843 1216 1392 1076 1947 1914 1889 1692 BCNSPRNW ULIB Ver.6.0+V

เปลี่ยนเป็นภาษาไทย

Change to English
 แสดงรายละเอียดบรรณานุกรม
  กลับหน้าหลัก

Brief Record : Get Marc (ISO 2709) : E-mail record : QR code < ปิดหน้าต่าง
LEADER : 00000nam 2200000uu 4500
001    13399120981
003     ULIB
008    121029s2550||||th 000 0 tha d
020    ^a9789748349046
050  4 ^aH62^bส852ร
100 0  ^aสุชาต ประสิทธิ์รัฐสินธุ์
245 10 ^aระเบียบวิธีการวิจัยทางสังคมศาสตร์ /^cสุชาต ประสิทธิ์รัฐสินธุ์
250    ^aพิมพ์ครั้งที่ 14
260    ^a[กรุงเทพฯ] :^bเฟื่องฟ้า,^c2550
300    ^axxvi, 640 หน้า
650  7 ^aสังคมศาสตร์^vวิจัย
945    ^p550^l0^i14227
995    ^aทศพร
999    ^aทศพร เกษรทอง
รายการนี้ยังไม่มีแท็ก
คุณยังไม่ได้ล็อกอิน คุณสามารถมีกิจกรรมร่วมกับเว็บไซต์ได้ แต่ต้องล็อกอินก่อน ::
  ล็อกอิน

รายการสื่อสารสนเทศ

ลำดับที่ ประเภท เลขเรียก/บาร์โค้ด สถานที่ สถานะ
1. วิทยาศาสตร์การแพทย์ และสุขภาพ
วิทยาศาสตร์การแพทย์ และสุขภาพ
H62 ส852ร ฉ.1 
  Barcode: 14227
ห้องสมุดวิทยาเขตสวรรค์ประชารักษ์
►หนังสือทั่วไป
บนชั้น

รายการใกล้เคียง
    ผู้แต่ง [สุชาต ประสิทธิ์รัฐสินธุ์]

BibComment


ยังไม่เคยถูกคอมเมนท์

คอมเมนท์ทรัพยากรรายการนี้
  คอมเมนท์: ระเบียบวิธีการวิ..


 Copyright 2026. Bcnsprnw @Library